Bhartiya Arthvyawastha ((Indian Economy) (Record no. 61000)
[ view plain ]
| 000 -LEADER | |
|---|---|
| fixed length control field | 00552nam a22002177a 4500 |
| 005 - DATE & TIME | |
| control field | 20260604123232.0 |
| 008 - FIXED-LENGTH DATA ELEMENTS--GENERAL INFORMATION | |
| fixed length control field | 260604b |||||||| |||| 00| 0 eng d |
| 020 ## - ISBN | |
| International Standard Book Number | 9789371058612 |
| Price | 998.00 |
| 040 ## - CATALOGING SOURCE | |
| Original cataloging agency | Doon University |
| 041 ## - Language | |
| Language | Hindi |
| 082 ## - DDC NUMBER | |
| Classification number | 330.954 |
| Book Number | PUR |
| 100 ## - MAIN ENTRY--PERSONAL NAME | |
| Personal name | Puri, V.K. |
| 245 ## - TITLE STATEMENT | |
| Title | Bhartiya Arthvyawastha ((Indian Economy) |
| 250 ## - EDITION STATEMENT | |
| Edition statement | 37th |
| 260 ## - PUBLICATION, DISTRIBUTION, ETC. (IMPRINT) | |
| Place of publication, distribution, etc | Mumbai |
| Name of publisher, distributor, etc | Himalaya |
| Date of publication, distribution, etc | 2025 |
| 300 ## - PHYSICAL DESCRIPTION | |
| Pages | 805 |
| 650 ## - Subject | |
| Subject | Economics (PM USHA) |
| 700 ## - Added Entry Personal Name | |
| Added Entry Personal Name | Mishr, S.K. |
| 700 ## - Added Entry Personal Name | |
| Added Entry Personal Name | Garg, Bharat |
| 942 ## - ADDED ENTRY ELEMENTS (KOHA) | |
| Koha item type | Books |
| 100 ## - MAIN ENTRY--PERSONAL NAME | |
| -- | 3896 |
| 650 ## - Subject | |
| -- | 26774 |
| 700 ## - Added Entry Personal Name | |
| -- | 27013 |
| 700 ## - Added Entry Personal Name | |
| -- | 27014 |
| 952 ## - LOCATION AND ITEM INFORMATION (KOHA) | |
| -- | 2026-06-04 |
| 952 ## - LOCATION AND ITEM INFORMATION (KOHA) | |
| -- | 2026-06-04 |
| 952 ## - LOCATION AND ITEM INFORMATION (KOHA) | |
| -- | 2026-06-04 |
| 952 ## - LOCATION AND ITEM INFORMATION (KOHA) | |
| -- | 2026-06-04 |
| Withdrawn status | Lost status | Source of classification or shelving scheme | Damaged status | Not for loan | Location (home branch) | Sublocation or collection (holding branch) | Date acquired | Koha full call number | Accession No. | Koha date last seen | Koha item type | Koha issues (times borrowed) |
|---|---|---|---|---|---|---|---|---|---|---|---|---|
| Not For Loan | Doon University | Doon University | 04.06.2026 | 330.954 PUR | 34503 | 04.06.2026 | Reference | |||||
| Doon University | Doon University | 04.06.2026 | 330.954 PUR | 34504 | 04.06.2026 | Books | ||||||
| Doon University | Doon University | 04.06.2026 | 330.954 PUR | 34505 | 04.06.2026 | Books | ||||||
| Doon University | Doon University | 04.06.2026 | 330.954 PUR | 34506 | 04.06.2026 | Books |